000 00520nam a2200169Ia 4500
008 140609s9999 xx 000 0 und d
020 _a9789812532541
050 _aQC 21.3
_b.C87 2006
100 _aCutnell, John D.
245 _aEssentials of physics /
_cJohn D. Cutnell, Kenneth W. Johnson
260 _aHoboken, N.J. :
_bJohn Wiley & Sons Singapore Pte., Ltd.,
_cc2006.
300 _a694 p. :
_bill. ;
_c26 cm.
500 _aIncludes appendices and index.
521 _aGE
942 _kFOR
_cBK
999 _c118265
_d118265